000 00553 a2200193 4500
001 61659
005 20260407155906.0
008 260407a1965 arg spa d
003 AR-UNSa-BCEJYS
040 _aAR-UNSa-BCEJYS
_bspa
_cAR-UNSa-BCEJYS
080 _a347.7
_xDerecho Mercantil. Derecho Comercial
245 1 0 _aCuestiones de derecho comercial
264 1 _aBuenos Aires :
_bJorge Alvarez Editor
_c1965
300 _a210 p.
_c20 cm.
041 _aspa
942 _cBK
590 _aniveau_biblio:m niveau_hierar:0
100 1 _aFargosi, Horacio P.
999 _c7351
_d7351